| 000 | 00486 a2200157 4500 | ||
|---|---|---|---|
| 020 | _a 0007119283 | ||
| 082 | _a823.912 | ||
| 090 |
_c910 _d910 |
||
| 100 | _aChristie, Agatha. | ||
| 245 |
_aThe murder on the links _cAgatha Christie |
||
| 260 |
_aLondon: _bHarper Collins Publishers, _c1923. |
||
| 300 |
_a319 p. ; _b19 cm. |
||
| 500 | _aIncludes Index | ||
| 650 | _a1.Poirot, Hercule (Fictitious character) --Fiction.2.Private investigators --England --Fiction. | ||
| 942 |
_cBK _k823.912 CHR |
||
| 999 |
_c4879 _d4879 |
||